| 000 | 01529nam2a22002531 4500 | ||
|---|---|---|---|
| 001 | rc\4732516 | ||
| 005 | 20260406203807.0 | ||
| 021 |
_aRU _b[62-61128] |
||
| 035 | _a(NLR Aleph) 008219980 | ||
| 090 |
_a8149966 _c8149966 |
||
| 100 | _a20130416d1962 |||y0rusy50 ca | ||
| 101 | 0 | _arus | |
| 102 | _aRU | ||
| 105 | _ay z ||||| | ||
| 200 | 1 | _aМатематическое описание машины "Атлас" | |
| 210 |
_d1962 _aБ. м. |
||
| 215 | _a155 с. | ||
| 461 | 0 |
_1001rc\4732514 _12001#$aПредварительное описание вычислительной машины "Атлас" фирмы Ферранти и Манчестерского университета$eЧ. 1-$fИн-т точной механики и вычислит. техники АН СССР. Отд. науч. техн. информации$vЧ. 2 _98149956 _cМосква _d1962 _fИн-т точной механики и вычислит. техники АН СССР. Отд. науч. техн. информации _nБ. и. _oЧ. 1- _tПредварительное описание вычислительной машины "Атлас" фирмы Ферранти и Манчестерского университета _vЧ. 2 |
|
| 712 | 0 | 2 |
_aИнститут точной механики и вычислительной техники им. С. А. Лебедева _cМосква _3RU\NLR\AUTH\889964082 _9424383 |
| 801 | 0 |
_aRU _bNLR _gpsbo |
|
| 801 | 1 |
_aRU _bELAR _2rusmarc |
|
| 852 |
_aNLR _j62-6/9864 |
||
| 942 | _cBOOK | ||
| 980 | _aNB | ||